Personnages de 46K Sport par image - Statistiques

Statistiques générales
  • Ce quiz a été pris 20 fois
  • Le résultat moyen est 7 sur 16
Statistiques - réponses
Par images Réponse % Correct
Dimitri Crackers
93%
Marcelo Salace
80%
Paul Position
80%
Tony Le Spermelier
73%
Bakari Konté
67%
Zinedine Biscuit
53%
Alain Teube
47%
Pierre Eymeric le Nervuré
47%
Valery Complet
40%
Esteban Le Gruyerier
33%
Gaëtan Banque
27%
Guy Otin
27%
Jekam Videlek
20%
Bruno Miel
13%
Lee Youn Nem
7%
Vladimir Chybrovic
7%
Aucun quiz correspondant
Distribution des résultats
% des personnes avec chaque résultat
Percentile par nombre de réponses
Votre historique - résultats
Vous n’avez pas pris ce quiz